000 00660nam a2200193 i 4500
001 30898
003 ES-MaACL
005 20230906154255.0
007 t|
008 030127s1965 ag ||||1| spa d
100 1 _aBello, Francis.
_927234
245 1 3 _aLa ciencia al día
_b: grandes científicos norteamericanos /
_cFrancis Bello, George A. W. Boehm, Lawrence Lessing ; [traducción de Guillermo A. Berisso].
260 _aBuenos Aires :
_bHobbs,
_c[1965]
300 _a184 p. ;
_c18 cm.
700 1 _aBoehm, George A. W.
_929731
700 1 _aLessing, Lawrence.
_971854
700 1 _aBerisso, Guillermo A.
_928029
852 _aES-MaACL
_jC-29510
_bR.59858
999 _c30898
_d30898